Vollständiges Taschenwörterbuch der polnischen und deutschen Sprache Polnisch-deutscher Theil

Bibliographic Details
Main Author: Jordan, Jan Petr, 1818-1891 (Author)
Corporate Author: Tauchnitz, Christian Bernhard (Leipzig, Nemecko) (Printer)
Format: Book
Language:German
Polish
PhysicalDescription:X, [1], 711 s. 15 cm
Published: Leipzig Druck und Verlag von Karl Tauchnitz [1845]
Edition:Stereotypausgabe
Subjects:

MARC

LEADER 00000cam a2200000 a 4500
001 vtls010463569
003 SK-MaSNL
005 20260301033428.0
008 251112q1845 gw f d 001 0 ger
015 |a SNBHFA1845 
020 |q (viaz.) 
035 |a E6D67450-19C8-45D7-AEA6-3FDD6081583C 
035 |a urn:nbn:sk:snk-amlt5e 
035 |a urn:nbn:sk:snk-am00cb0s 
040 |a SNK  |b slo  |c SNK  |e AACR2 
041 0 |a ger  |a pol 
044 |a gw  |c DE 
072 7 |a 811.112.2  |x Nemčina  |2 konspekt 
072 7 |a 811.162  |x Západoslovanské jazyky  |2 konspekt 
080 |a 811.112.2  |2 2011 
080 |a 811.162.1  |2 2011 
080 |a (038)  |2 2011 
100 1 |a Jordan, Jan Petr,  |d 1818-1891  |4 aut  |9 313605 
245 1 0 |a Vollständiges Taschenwörterbuch der polnischen und deutschen Sprache  |n Polnisch-deutscher Theil  |c von Dr. J. P. Jordan 
246 3 3 |a Dokladny slowniczek polsko-niemiecki i niemiecko-polski spisany przez Dr. J. P. Jordana 
250 |a Stereotypausgabe 
260 |a Leipzig  |b Druck und Verlag von Karl Tauchnitz  |c [1845] 
300 |a X, [1], 711 s.  |c 15 cm 
500 |a Rok vydania podľa databázy WorldCat 
500 |a Rozložený nemecko-poľský titulný list 
561 |a Okrúhla pečiatka: Museálna Slovenská spoločnosť.  |5 SNK IE 10029 
562 |a Register poškodený, zreštaurovaný.  |5 SNK IE 10029 
650 0 7 |a nemčina  |2 SNKPH  |9 1384 
650 0 7 |a poľština  |2 SNKPH  |9 1349 
650 0 7 |a German language  |2 SNKPHeng  |9 278149 
650 0 7 |a Polish language  |2 SNKPHeng  |9 288271 
655 7 |a prekladové slovníky  |2 SNKPH  |9 78678 
655 7 |a jazykové slovníky  |2 SNKPH  |9 70525 
655 7 |a Language dictionaries  |2 SNKPHeng  |9 301375 
655 7 |a Translation dictionaries  |2 SNKPHeng  |9 238490 
700 1 |a Kmeť, Andrej,  |d 1841-1908  |4 fmo  |9 191981 
710 0 |a Tauchnitz, Christian Bernhard (Leipzig, Nemecko),  |d 1816-1895  |4 prt  |4 pbl  |9 171845 
752 |a Nemecko  |d Lipsko 
852 |a snk  |b Historické fondy  |p IE 10029 
958 |a ONDV 
999 |c 580068  |d 581998 
952 |t Kme X/276  |a SNK  |b SNK  |c SNK_HF  |y PREZ  |7 0  |p 17A1128825  |o snkIE 10029  |i snk2016/16670  |8 5  |0 0  |1 0  |4 0  |d 2016-06-29  |f 1  |l 0  |r 2026-02-23 14:47:44  |w 2026-02-23